000 00692nam a2200217Ia 4500
001 14708
003 GE_BSU
008 181216s||||||||xx |||||||||||||| ||und||
040 _cGE_BSU
080 _a72(075)
100 _aСерк,Л.А.
245 _aКурс архитектуры и промышленные здания. Том III. Проектирование здания.
245 _bУчебник.
245 _cРед. Б.М.Скоров.
260 _aМ.-Л.
260 _bГосстройиздат.
260 _c1940.
300 _a374 стр. 27 см. с илл.
653 _aКурс архитектуры и промышленные здания.
942 _cBK
999 _c47834
_d47834